000 00624nam a2200193Ia 4500
005 20250508164918.0
008 008 250505s9999 xx 000 0 hin d
037 _aDissertations
040 _aFEDL
_beng
_cFEDL
041 _ahin
_2eng
084 _a370.19, JOS/DI
_qFEDL
100 _aJoshi Dhananjay
_9779187
245 0 _aPunarvas basti mein rahne vale chhatron ki sheikshik evam vyavasaik akanshaon ka addhyan: Sultanpuri basti ki case study
260 _c1999
300 _a195p.
546 _aM.Ed. Dissertation (Delhi University)
942 _cDIS
_h370.19, JOS/DI
999 _c1391967
_d1391967